[Event "ICS Rated blitz match"]
[Site "204.178.125.65"]
[Date "2000.09.16"]
[Round "?"]
[White "brutus"]
[Black "Hossa"]
[Result "0-1"]
[WhiteElo "2254"]
[BlackElo "2551"]
[PlyCount "78"]
[EventDate "2000.??.??"]

1. e4 e5 2. Nf3 Nc6 3. Bb5 a6 4. Ba4 Nf6 5. Qe2 b5 6. Bb3 Bc5 7. c3 d6 8. d3 h6
9. Nbd2 O-O 10. Nf1 a5 11. Be3 a4 12. Bc2 a3 13. b4 Bxe3 14. Nxe3 Be6 15. O-O
d5 16. exd5 Nxd5 17. Nxd5 Bxd5 18. Nxe5 Re8 19. d4 Nxe5 20. dxe5 Bc4 21. Qe4
Bxf1 22. Qh7+ Kf8 23. Rxf1 Qd2 24. Bb3 Qf4 25. Qh8+ Ke7 26. Qxg7 Rg8 27. Qh7
Qf3 28. g3 Rh8 29. Qc2 Ra6 30. Re1 Rd8 31. Re3 Qh5 32. Qe4 Qg6 33. Qb7 Qc6 34.
Qxc6 Rxc6 35. Kf1 Rg6 36. Ke2 Rd7 37. c4 bxc4 38. Bxc4 Rd4 39. Rc3 Rc6 {
brutus resigns} 0-1

[Event "ICS rated blitz match"]
[Site "204.178.125.65"]
[Date "2000.09.16"]
[Round "?"]
[White "Hossa"]
[Black "brutus"]
[Result "1-0"]
[WhiteElo "2556"]
[BlackElo "2249"]
[PlyCount "35"]
[EventDate "2000.??.??"]

1. e4 e6 2. d4 d5 3. Nc3 Nf6 4. Bg5 Bb4 5. e5 h6 6. Bd2 Bxc3 7. bxc3 Ne4 8. Nf3
c5 9. Bd3 Nxd2 10. Qxd2 Bd7 11. dxc5 Qa5 12. c4 Qxc5 13. cxd5 Qxd5 14. O-O Bc6
15. Rfd1 Na6 16. Bxa6 bxa6 17. Qc3 Qe4 18. Rd4 {brutus resigns} 1-0

[Event "ICS rated blitz match"]
[Site "204.178.125.65"]
[Date "2000.09.16"]
[Round "?"]
[White "brutus"]
[Black "Hossa"]
[Result "0-1"]
[WhiteElo "2244"]
[BlackElo "2561"]
[PlyCount "58"]
[EventDate "2000.??.??"]

1. e4 e5 2. Nf3 Nc6 3. Bb5 a6 4. Ba4 Nf6 5. Qe2 b5 6. Bb3 Bc5 7. c3 d6 8. d3 h6
9. Nbd2 O-O 10. Nf1 a5 11. Be3 a4 12. Bc2 a3 13. b4 Bxe3 14. Nxe3 Be6 15. Bb3
Bxb3 16. axb3 d5 17. exd5 Nxd5 18. Nxd5 Qxd5 19. c4 Qd6 20. O-O bxc4 21. bxc4
Nxb4 22. Qxe5 Qxe5 23. Nxe5 a2 24. Rfc1 f6 25. Nd7 Rfd8 26. Nc5 Nxd3 27. Nxd3
Rxd3 28. Rc2 Rd1+ 29. Rxd1 a1=Q {brutus resigns} 0-1

[Event "ICS rated blitz match"]
[Site "204.178.125.65"]
[Date "2000.09.16"]
[Round "?"]
[White "Hossa"]
[Black "brutus"]
[Result "1/2-1/2"]
[WhiteElo "2565"]
[BlackElo "2240"]
[PlyCount "187"]
[EventDate "2000.??.??"]

1. e4 e6 2. d4 d5 3. Nc3 Nf6 4. Bg5 Bb4 5. e5 h6 6. Bd2 Bxc3 7. bxc3 Ne4 8. Nf3
c5 9. Bd3 Nxd2 10. Qxd2 Bd7 11. dxc5 Qa5 12. c4 Qxc5 13. cxd5 Qxd5 14. O-O Bc6
15. Rfd1 Nd7 16. Qe2 Qc5 17. Be4 Nb6 18. Bxc6+ bxc6 19. Nd4 Nd5 20. Qa6 O-O 21.
Qxc6 Qxc6 22. Nxc6 Rfc8 23. c4 Rxc6 24. cxd5 exd5 25. Rxd5 Rc2 26. g4 Re2 27.
Kf1 Rb2 28. Kg2 Rc8 29. a3 Rcc2 30. Rf1 Rc4 31. h3 Ra4 32. Rd8+ Kh7 33. Rd7 Kg6
34. Rc1 Rf4 35. Rd6+ Kh7 36. Rf1 Ra4 37. Rd3 Re2 38. Re3 Rxe3 39. fxe3 Rxa3 40.
Rxf7 Rxe3 41. Rxa7 Rxe5 42. Ra8 Re3 43. h4 Rb3 44. h5 Rc3 45. Ra7 Rb3 46. Rc7
Rd3 47. Re7 Rb3 48. Kf2 Ra3 49. Rd7 Rb3 50. Rf7 Ra3 51. Rc7 Rb3 52. Rc8 Ra3 53.
Rd8 Rb3 54. Rf8 Ra3 55. Re8 Rb3 56. Ke2 Ra3 57. Rb8 Rc3 58. Kf2 Ra3 59. Kg2 Rc3
60. Rd8 Ra3 61. Rd7 Rb3 62. Re7 Ra3 63. Rf7 Rb3 64. Rf8 Ra3 65. Rf4 Rb3 66. Kf2
Ra3 67. Rd4 Rb3 68. Ra4 Rc3 69. Ra8 Rb3 70. Ke2 Rc3 71. Ra7 Rb3 72. Re7 Rc3 73.
Rd7 Ra3 74. Rb7 Rc3 75. Kf2 Ra3 76. Kg2 Rc3 77. Rb8 Ra3 78. Rb4 Rc3 79. Re4 Ra3
80. Re5 Rb3 81. Re8 Ra3 82. Re6 Rb3 83. Kf2 Ra3 84. Re4 Rb3 85. Ke2 Ra3 86. Rf4
Rb3 87. Rc4 Ra3 88. Kf2 Rb3 89. Kg2 Ra3 90. Rc2 Rb3 91. Rc8 Ra3 92. Rc4 Rb3 93.
Kf2 Ra3 94. Rb4 {Game drawn by the 50 move rule} 1/2-1/2

[Event "ICS rated blitz match"]
[Site "204.178.125.65"]
[Date "2000.09.16"]
[Round "?"]
[White "brutus"]
[Black "Hossa"]
[Result "0-1"]
[WhiteElo "2250"]
[BlackElo "2553"]
[PlyCount "116"]
[EventDate "2000.??.??"]

1. e4 e5 2. Nf3 Nc6 3. Bb5 a6 4. Ba4 Nf6 5. Qe2 b5 6. Bb3 Bc5 7. c3 d6 8. d3 h6
9. Nbd2 O-O 10. Nf1 a5 11. Be3 a4 12. Bc2 a3 13. b4 Bxe3 14. Nxe3 Be6 15. Bb3
Bxb3 16. axb3 d5 17. exd5 Nxd5 18. Nxd5 Qxd5 19. Qe4 Qxe4+ 20. dxe4 a2 21. Ke2
f6 22. Rhc1 Ra3 23. Nd2 Kf7 24. Rc2 Rfa8 25. Rb2 g6 26. Nf3 f5 27. Nd2 Ke6 28.
f3 f4 29. Nf1 Kf7 30. h3 Kf6 31. Nh2 h5 32. Nf1 Kg7 33. Nd2 g5 34. Nf1 Kf7 35.
Nd2 Ne7 36. Nf1 Kf6 37. Nd2 Nc6 38. Nf1 R3a7 39. Nd2 Nd8 40. Nf1 Ne6 41. Nd2
Ra3 42. Nf1 R3a6 43. Nd2 Ke7 44. Nf1 R6a7 45. Nd2 Ra3 46. Nf1 c6 47. Nd2 Kf7
48. Nf1 c5 49. Nd2 cxb4 50. cxb4 Nd4+ 51. Kd1 Kf6 52. Kc1 Nc6 53. Rc2 Nxb4 54.
Rc7 R3a7 55. Rc3 Rd7 56. Nf1 Rad8 57. Kb2 Rd1 58. Rcc1 Nd3+ {brutus resigns}
0-1

[Event "ICS rated blitz match"]
[Site "204.178.125.65"]
[Date "2000.09.16"]
[Round "?"]
[White "WhiteCastles"]
[Black "Hossa"]
[Result "1-0"]
[WhiteElo "2748"]
[BlackElo "2583"]
[PlyCount "79"]
[EventDate "2000.??.??"]

1. e4 e5 2. Nc3 Nf6 3. f4 d5 4. fxe5 Nxe4 5. Nf3 Be7 6. d4 O-O 7. Bd3 f5 8.
exf6 Bxf6 9. O-O Nc6 10. Ne2 Bg4 11. c3 Qd7 12. Nf4 Nxd4 13. cxd4 Bxd4+ 14. Kh1
Nf2+ 15. Rxf2 Bxf2 16. Qc2 g5 17. Nxg5 Bf5 18. Nxh7 Qxh7 19. Bxf5 Qxf5 20. Qxf2
Rf7 21. Bd2 c6 22. Rf1 Qg5 23. Qg1 Qe5 24. Rf3 Qxb2 25. Rg3+ Kf8 26. Qe1 Rxf4
27. Bxf4 Qf6 28. Qb4+ Ke8 29. Re3+ Kf7 30. Qxb7+ Kg6 31. Qb1+ Kf7 32. Qh7+ Qg7
33. Qf5+ Qf6 34. Qd7+ Kg8 35. Rg3+ Kf8 36. Bd6+ Qxd6 37. Rf3+ Qf6 38. Rxf6+ Kg8
39. Qf7+ Kh8 40. Rh6# {Hossa checkmated} 1-0

[Event "ICS rated blitz match"]
[Site "204.178.125.65"]
[Date "2000.09.16"]
[Round "?"]
[White "Hossa"]
[Black "matemastr"]
[Result "1/2-1/2"]
[WhiteElo "2574"]
[BlackElo "2798"]
[PlyCount "81"]
[EventDate "2000.??.??"]

1. e4 e5 2. Nf3 Nc6 3. Nc3 Nf6 4. Nxe5 Nxe5 5. d4 Nc6 6. d5 Ne5 7. f4 Ng6 8. e5
Ng8 9. d6 cxd6 10. exd6 Qh4+ 11. g3 Qf6 12. Nb5 Rb8 13. Be3 b6 14. Bd4 Qe6+ 15.
Be2 Kd8 16. Qd3 Bb7 17. f5 Qd5 18. Rf1 Ne5 19. Qe3 Nc4 20. Bxc4 Qxc4 21. Nxa7
Bxd6 22. b3 Qxc2 23. Bxb6+ Bc7 24. Nb5 Bxb6 25. Qxb6+ Ke8 26. Nd6+ Kf8 27. Qb4
Ne7 28. f6 gxf6 29. Rxf6 Qb2 30. Rxf7+ Kg8 31. Rd1 Qe5+ 32. Kf2 h5 33. Nc4 Qe6
34. Rxe7 Qf6+ 35. Ke1 Rf8 36. Rdxd7 Qf1+ 37. Kd2 Rf2+ 38. Ke3 Rf3+ 39. Kd2 Rf2+
40. Ke3 Rf3+ 41. Kd2 {Game drawn by mutual agreement} 1/2-1/2

[Event "ICS rated blitz match"]
[Site "204.178.125.65"]
[Date "2000.09.16"]
[Round "?"]
[White "Hossa"]
[Black "MNAGROCKI"]
[Result "1-0"]
[WhiteElo "2583"]
[BlackElo "2043"]
[PlyCount "42"]
[EventDate "2000.??.??"]

1. e4 c6 2. d4 d5 3. exd5 cxd5 4. c4 dxc4 5. Bxc4 Bf5 6. Qb3 e6 7. Qxb7 Nd7 8.
Bf4 Ngf6 9. Nc3 Be7 10. Bc7 Qc8 11. Ba6 O-O 12. Qxc8 Rfxc8 13. Bxc8 Rxc8 14.
Bf4 Bb4 15. Rc1 Ne4 16. f3 Nxc3 17. Bd2 Nb6 18. Bxc3 Bxc3+ 19. bxc3 Na4 20. g4
Bg6 21. Ne2 Bd3 {MNAGROCKI resigns} 1-0

[Event "ICS rated blitz match"]
[Site "204.178.125.65"]
[Date "2000.09.16"]
[Round "?"]
[White "pegazzo"]
[Black "Hossa"]
[Result "0-1"]
[WhiteElo "1964"]
[BlackElo "2584"]
[PlyCount "62"]
[EventDate "2000.??.??"]

1. e4 e5 2. Nf3 Nc6 3. Bc4 Bc5 4. b4 Bxb4 5. c3 Ba5 6. d4 d6 7. O-O exd4 8.
cxd4 Nf6 9. d5 Ne7 10. Qa4+ c6 11. dxc6 Nxc6 12. e5 Ng4 13. e6 fxe6 14. Bb5
Nge5 15. Nxe5 dxe5 16. Bb2 O-O 17. Na3 Nd4 18. Rad1 a6 19. Bd3 Bd7 20. Qc4 Rc8
21. Bxh7+ Kxh7 22. Qd3+ Rf5 23. Nc4 Bb5 24. Qh3+ Kg8 25. Nxe5 Bxf1 26. Ng6 Ne2+
27. Kh1 Bxg2+ 28. Kxg2 Rg5+ 29. Kf3 Ng1+ 30. Rxg1 Qd3+ 31. Kf4 Bd2+ {
pegazzo resigns} 0-1

[Event "ICS rated blitz match"]
[Site "204.178.125.65"]
[Date "2000.09.16"]
[Round "?"]
[White "Hossa"]
[Black "pegazzo"]
[Result "1-0"]
[WhiteElo "2585"]
[BlackElo "1963"]
[Annotator "Fritz 6 (22s)"]
[PlyCount "123"]
[EventDate "2000.??.??"]

1. e4 {B60: Sizilianisch (Richter/Rauser-Angriff)} 1... c5 2. Nf3 d6 {
Verwehrt dem Gegner e5} 3. d4 cxd4 4. Nxd4 Nf6 5. Nc3 Nc6 6. Bg5 Bd7 7. Be2 e6
{Ueberdeckt d5+f5} 8. O-O Be7 9. Bxf6 gxf6 10. Qd2 h5 (10... Nxd4 $142 $5 {
sieht noch spielbar aus} 11. Qxd4 Qa5 $14) 11. Ndb5 Qb8 12. Rfd1 a6 13. Nxd6+
Bxd6 14. Qxd6 Qxd6 15. Rxd6 Ke7 16. Rad1 Be8 17. f4 Rc8 18. a3 h4 19. Bg4 Rg8
20. Bh5 Na5 21. Be2 Nc4 22. Bxc4 Rxc4 23. R6d4 Rxd4 24. Rxd4 Bc6 25. Kf2 f5 26.
g3 hxg3+ 27. hxg3 fxe4 28. Nxe4 Rh8 29. Ke1 Rh1+ 30. Ke2 Rb1 31. b3 Rc1 32. c4
Ra1 33. a4 Rb1 34. Nd2 Rg1 35. Nf1 Rg2+ 36. Ke1 Rg1 37. Rd2 a5 38. Ke2 Kf6 39.
Kf2 Rg2+ 40. Ke1 Rg1 41. Rh2 Kf5 42. Kf2 Rh1 43. Ne3+ Kg6 44. Rxh1 Bxh1 45. Ke2
Kf6 (45... b6 $5 $16) 46. Kd3 Ke7 47. c5 f6 48. Kd4 Kd7 49. Nc4 Bd5 $2 (49...
Bf3 $18) 50. Nb6+ Kc6 51. Nxd5 exd5 52. g4 Kd7 53. Kxd5 Ke7 54. g5 fxg5 55.
fxg5 Kf7 56. c6 bxc6+ 57. Kxc6 Kg6 58. Kb5 Kxg5 59. Kxa5 Kf5 60. Kb6 Ke5 61. a5
Kd5 62. a6 (62. a6 Kd4 63. b4 $18) 1-0

[Event "ICS rated blitz match"]
[Site "204.178.125.65"]
[Date "2000.09.16"]
[Round "?"]
[White "pegazzo"]
[Black "Hossa"]
[Result "0-1"]
[WhiteElo "1962"]
[BlackElo "2586"]
[Annotator "Fritz 6 (22s)"]
[PlyCount "56"]
[EventDate "2000.??.??"]

1. e4 {C52: Evans-Gambit (Hauptvariante)} 1... e5 2. Nf3 Nc6 3. Bc4 Bc5 4. b4 (
4. d3 $142 $5 $11 {ist zu ueberlegen}) 4... Bxb4 5. c3 {Punkt d4} 5... Ba5 6.
d4 d6 7. O-O exd4 8. cxd4 Nf6 9. d5 {Raumgewinn} 9... Ne7 10. Bb2 Nxe4 11. Bxg7
{Schwarz kann nicht kurz rochieren} 11... Rg8 12. Bd4 $2 (12. Qa4+ $142 Qd7 13.
Qxa5 Rxg7 14. g3 $17) 12... Bh3 13. g3 Bxf1 14. Bxf1 c6 15. dxc6 Nxc6 16. Qe2
d5 17. Bc5 (17. Qb5 Kf8 18. Bb2 $19) 17... Qf6 18. Nbd2 Bxd2 19. Nxd2 (19. Rb1
{hilft allerdings auch nicht} 19... Bf4 20. Rxb7 Qc3 $19) 19... Qxa1 20. Nxe4
dxe4 21. Qxe4+ Qe5 22. Qc2 h5 23. Bg2 h4 24. Be3 Qa1+ 25. Bc1 Nd4 26. Qe4+ Kf8
27. Qe1 (27. Bf1 {waere noch eine kleine Chance} 27... Qxc1 28. Qxd4 hxg3 29.
fxg3 $19) 27... Qxc1 28. Qxc1 Ne2+ (28... Ne2+ 29. Kf1 Nxc1 $19) 0-1

[Event "ICS rated blitz match"]
[Site "204.178.125.65"]
[Date "2000.09.16"]
[Round "?"]
[White "Hossa"]
[Black "counterplay"]
[Result "0-1"]
[WhiteElo "2587"]
[BlackElo "2638"]
[Annotator "Fritz 6 (22s)"]
[PlyCount "102"]
[EventDate "2000.??.??"]

1. e4 {C14: Franzoesische Verteidigung (Klassische Hauptvariante)} 1... e6 2.
d4 d5 3. Nc3 Nf6 4. Bg5 Be7 5. e5 {Weiss erobert Raum} 5... Nfd7 6. Bxe7 Qxe7
7. f4 a6 8. Nf3 c5 9. dxc5 Nc6 10. Qd2 Nxc5 11. Bd3 O-O 12. O-O Bd7 13. Qf2 f6
14. Rae1 fxe5 15. fxe5 Rf4 16. Ne2 Rf7 17. Nc3 Raf8 18. Qd2 Nxd3 19. cxd3 Rf5 {
e5 ist angegriffen} 20. d4 Kh8 21. Rf2 b5 22. Ref1 b4 23. Nd1 Na5 24. Ne3 Rf4
25. Nc2 Bb5 26. Ng5 Rxf2 27. Rxf2 Rxf2 28. Qxf2 Kg8 29. Qf4 h6 30. Nh3 Qc7 31.
Qf2 Bd3 32. Ne1 Qc1 33. Nf4 Bf5 34. g4 (34. h3 $5 {ist interessant} 34... Nc6
35. g4 Nxd4 36. gxf5 Qxf4 37. Qxf4 Ne2+ 38. Kg2 Nxf4+ 39. Kg3 Ne2+ 40. Kf2 $17)
34... Bxg4 35. Nfd3 Qc4 36. Qh4 Qxd4+ 37. Nf2 Qe3 38. Ned3 Be2 39. Qf4 d4 40.
Qg3 Nc4 41. b3 Nd2 42. Kh1 (42. Qxe3 {haette noch versucht werden koennen}
42... dxe3 43. Nxb4 Nf3+ 44. Kg2 $19) 42... Bf3+ 43. Kg1 {
Wenn Weiss nun zu Qh3 kommt, geht es ihm besser} 43... Qe2 44. Qh3 Bd5 45. Qg2
Bxg2 46. Kxg2 (46. h4 {holt die Kuh nicht vom Eis} 46... Be4 47. Kh2 Bxd3 48.
Kg2 Be4+ 49. Kg3 Qf3+ 50. Kh2 Qg2#) 46... Qf1+ 47. Kg3 Qg1+ 48. Kh3 h5 49. Nf4
Ne4 50. N4d3 (50. Ng6 {aendert nichts mehr} 50... Nxf2+ 51. Kh4 Qg4#) 50... g5
51. Nxe4 Qg4# 0-1

[Event "ICS rated blitz match"]
[Site "204.178.125.65"]
[Date "2000.09.16"]
[Round "?"]
[White "Krausuwe"]
[Black "Hossa"]
[Result "1-0"]
[WhiteElo "2508"]
[BlackElo "2573"]
[Annotator "Fritz 6 (22s)"]
[PlyCount "91"]
[EventDate "2000.??.??"]

1. e4 {C44: Schottische Partie} 1... e5 2. Nf3 Nc6 3. c3 Nf6 4. Qc2 Be7 5. d4
exd4 6. Nxd4 Nxd4 7. cxd4 O-O 8. Nc3 d5 9. e5 Ne8 10. Bd3 h6 {Sichert g5} 11.
O-O c6 {Befestigt b5} 12. f4 Bg4 13. f5 Qb6 14. Rf4 Bh5 15. g4 Bg5 16. Na4 Qb4
17. Bd2 Qe7 18. gxh5 Bxf4 19. Bxf4 Nc7 $2 (19... Rd8 $18) 20. f6 Qb4 21. Bxh6
Ne6 22. Bxg7 Qxd4+ 23. Kh1 Ng5 24. h6 Qh4 25. Qg2 Qh5 {Droht Rfe8} 26. Bf5 Nh7
27. Bxf8+ Kxf8 28. Bxh7 Ke8 29. Qg8+ Kd7 30. e6+ fxe6 31. Qg7+ Kc8 32. Re1 Qf3+
33. Kg1 b6 34. Rxe6 Qd1+ 35. Kg2 Qd2+ 36. Kh3 Qxh6+ 37. Qxh6 Kb7 (37... Rb8 {
aendert nichts am Ausgang der Partie} 38. Re7 d4 39. Qf8#) 38. Re7+ Ka6 39.
Bd3+ b5 40. Nc5+ Ka5 41. Qd2+ Kb6 42. Rb7+ Kxc5 43. Qe3+ Kb4 44. Qe7+ c5 45.
Qe1+ Ka4 46. Bxb5# 1-0

[Event "ICS rated standard match"]
[Site "204.178.125.65"]
[Date "2000.09.16"]
[Round "?"]
[White "Hossa"]
[Black "Pennswoodpusher"]
[Result "1-0"]
[WhiteElo "2331"]
[BlackElo "2065"]
[Annotator "Fritz 6 (22s)"]
[PlyCount "71"]
[EventDate "2000.??.??"]

1. e4 {C40: Lettisches Gambit} 1... e5 2. Nf3 f5 3. Nxe5 Qf6 4. Nc4 fxe4 5. Nc3
c6 {Deckt b5+d5.} (5... Qf7 $142 $5 $14 {kommt in Betracht}) 6. Nxe4 Qe6 7.
Qh5+ Kd8 8. Qe5 d5 9. Qxe6 Bxe6 10. Ng5 Ke7 11. Ne5 Nd7 12. d4 Nxe5 13. dxe5 h6
14. Nxe6 Kxe6 15. f4 Bc5 16. g3 Ne7 17. Bd3 h5 18. Ke2 Nf5 19. c3 g6 20. b4 Bb6
21. a4 a6 22. a5 Ba7 23. Re1 d4 24. Bd2 dxc3 25. Bxc3 Rad8 26. Rac1 Nd4+ (26...
h4 $142 27. g4 Nd4+ 28. Bxd4 Rxd4 $18) 27. Bxd4 Rxd4 28. Bxg6 Rxb4 29. Rb1 c5
30. Rxb4 cxb4 31. Rc1 h4 32. Rc7 hxg3 33. hxg3 Rb8 (33... Rf8 $18 {
ist ein letzter Strohhalm}) 34. Bf7+ Kf5 35. Kf3 b3 (35... Rg8 {
nuetzt auch nichts mehr} 36. Bxg8 Bd4 37. g4+ Kg6 38. Bh7+ Kh6 39. Bf5 Bxe5 40.
Rh7#) 36. g4# 1-0

[Event "ICS rated standard match"]
[Site "204.178.125.65"]
[Date "2000.09.16"]
[Round "?"]
[White "chibbard"]
[Black "Hossa"]
[Result "0-1"]
[WhiteElo "2113"]
[BlackElo "2337"]
[Annotator "Fritz 6 (22s)"]
[PlyCount "52"]
[EventDate "2000.??.??"]

1. d4 {D26: Angenommenes Damengambit} 1... d5 2. c4 e6 3. Nc3 c5 4. e3 cxd4 5.
exd4 Nf6 6. Nf3 Nc6 7. Bg5 Be7 8. Be2 dxc4 9. Bxc4 O-O 10. O-O Bd7 11. Re1 Rc8
12. Bb3 Na5 13. Ne5 Nxb3 14. Qxb3 Bc6 15. Rad1 Qc7 16. h4 (16. Nxc6 $5 {
ist zu beachten} 16... bxc6 17. Bxf6 Bxf6 18. Ne4 $11) 16... h6 17. Bxf6 Bxf6
18. h5 Rfd8 19. f4 Rd6 20. f5 Bxe5 21. dxe5 Rxd1 22. Nxd1 exf5 23. e6 Re8 24.
exf7+ Qxf7 25. Rxe8+ Bxe8 26. Qe3 Qxh5 (26... Qxh5 27. Qe6+ Kh7 $19) 0-1

[Event "ICS rated blitz match"]
[Site "204.178.125.65"]
[Date "2000.09.16"]
[Round "?"]
[White "jyq"]
[Black "Hossa"]
[Result "0-1"]
[WhiteElo "2060"]
[BlackElo "2555"]
[Annotator "Fritz 6 (22s)"]
[PlyCount "50"]
[EventDate "2000.??.??"]

1. d4 {D30: Damengambit (ohne Sc3)} 1... d5 2. c4 e6 3. Nf3 Nf6 4. e3 c5 5. Nc3
cxd4 6. exd4 Nc6 7. Bd3 Nb4 8. Be2 dxc4 9. Bxc4 Bd6 10. O-O Bd7 11. Bg5 h6 12.
Bh4 Rc8 13. Qe2 O-O 14. a3 Qc7 15. Bb3 (15. Bxf6 $142 $5 gxf6 16. Ne4 $14)
15... Nbd5 16. Bxf6 Nxf6 17. Ne5 Rfd8 18. Rae1 Bxa3 19. Ne4 Nxe4 20. Qxe4 Bxb2
21. Nxf7 (21. Rb1 $142 Bc3 22. Rfd1 $19) 21... Kxf7 22. Bxe6+ (22. Re2 Ba3 23.
Bxe6+ Bxe6 24. Qxe6+ Kf8 $19) 22... Bxe6 23. Qxe6+ Kf8 24. Re5 {
Mit konkreter Absicht gespielt} 24... Bxd4 25. Rf5+ Bf6 (25... Bf6 26. Rxf6+
gxf6 27. Qxf6+ Kg8 28. Qxh6 Rd6 $19) 0-1

[Event "ICS rated blitz match"]
[Site "204.178.125.65"]
[Date "2000.09.16"]
[Round "?"]
[White "Hossa"]
[Black "ban"]
[Result "0-1"]
[WhiteElo "2557"]
[BlackElo "2789"]
[Annotator "Fritz 6 (22s)"]
[PlyCount "140"]
[EventDate "2000.??.??"]

1. e4 {B54: Sizilianisch (Rauser Anti-Drachen-Variante)} 1... c5 2. Nf3 e6 3.
d4 cxd4 4. Nxd4 Nc6 5. Nc3 a6 6. Be2 d6 7. Be3 Be7 8. Na4 Bd7 9. Nb3 Nf6 10.
Nb6 Rb8 11. f3 {Es geht um e4+g4} 11... Bc8 12. Nxc8 Rxc8 13. c3 {
Verhindert das Eindringen auf b4+d4} 13... d5 14. Qc2 dxe4 15. fxe4 h5 16. Rd1
Qc7 17. O-O Bd6 18. h3 {Der Gegner darf nicht nach g4} 18... Bg3 19. Nc5 h4 20.
Kh1 Rd8 21. Rxd8+ {Weiss erhaelt starke Initiative} 21... Nxd8 22. Qa4+ Kf8 23.
Bd4 Nc6 24. Bxf6 gxf6 25. Rxf6 Kg7 26. Rf1 Ne5 27. Qd4 Rc8 28. Nd3 Rd8 29. Qe3
Nxd3 30. Bxd3 Qe5 31. Bc4 Rd7 32. Bb3 Qh5 33. Ba4 b5 34. Bb3 Bb8 35. Qf3 Qe5
36. g3 {Der Bauer f7 ist rueckstaendig} 36... hxg3 37. h4 Kf8 38. Bc2 a5 39. a4
b4 40. Bb3 Ba7 41. cxb4 axb4 42. a5 Bb8 43. Qe2 $4 {
ein Fehler in schlechter Stellung} (43. Bd1 $142 $19) 43... Rd2 44. Qxd2 Qxe4+
45. Qg2 Qxh4+ 46. Kg1 Ba7+ 47. Rf2 gxf2+ 48. Kf1 Qd8 49. Qg3 (49. Qe4 {
aendert nichts mehr} 49... Qxa5 50. Bd1 Qa6+ 51. Qe2 Qd6 $19) 49... Qxa5 50.
Qd6+ Ke8 51. Qc6+ Ke7 52. Ba4 Bc5 53. Qe8+ Kd6 54. Kg2 (54. Qb8+ Qc7 55. Qxc7+
Kxc7 $19) 54... Qc7 55. Qf8+ Ke5 56. Qg7+ Kd5 57. Qg5+ f5 58. Bb3+ Ke4 {
Ermoeglicht auch f4} 59. Qh4+ f4 60. Bc2+ Kd5 61. Qh6 (61. Bb3+ {
ist noch eine duenne Chance} 61... Kc6 62. Qg4 $19) 61... f3+ 62. Kf1 Qg3 63.
Bb3+ Kd4 64. Qh1 e5 65. Ba2 Qg5 66. Qh2 (66. Qh4+ {holt die Kuh nicht vom Eis}
66... Qxh4 67. Bb3 Qh2 68. Bd5 Qg2#) 66... Kd3 67. Qh7+ Kd2 68. Qd3+ (68. Qd7+
{macht keinen grossen Unterschied} 68... Bd4 69. Qxd4+ exd4 70. Kxf2 Qg2#)
68... Kxd3 69. Bc4+ (69. Bb1+ {waere gleichermassen fruchtlos} 69... Ke3 70.
Be4 Qg2#) 69... Kd2 70. b3 (70. Bd5 {hilft auch nicht mehr} 70... Qg2#) 70...
Qg1# 0-1

[Event "ICS rated blitz match"]
[Site "204.178.125.65"]
[Date "2000.09.16"]
[Round "?"]
[White "Hossa"]
[Black "mid"]
[Result "1-0"]
[WhiteElo "2550"]
[BlackElo "2373"]
[Annotator "Fritz 6 (22s)"]
[PlyCount "30"]
[EventDate "2000.??.??"]

1. e4 {B14: Caro-Kann (Panow-Angriff)} 1... c6 {Nimmt Einfluss auf b5} 2. d4 d5
3. exd5 cxd5 4. c4 Nf6 5. Nc3 e6 6. Nf3 Bb4 7. Bd2 O-O 8. Rc1 dxc4 9. Bxc4 b6
10. O-O Bb7 11. Bg5 Nbd7 12. Qe2 Re8 13. Ba6 Bxa6 14. Qxa6 Qc8 15. Qb5 Qb7 $4 (
15... Bxc3 $142 {war relativ besser} 16. Rxc3 Qb7 $11) 1-0

[Event "ICS rated blitz match"]
[Site "204.178.125.65"]
[Date "2000.09.16"]
[Round "?"]
[White "mid"]
[Black "Hossa"]
[Result "0-1"]
[WhiteElo "2365"]
[BlackElo "2558"]
[Annotator "Fritz 6 (22s)"]
[PlyCount "140"]
[EventDate "2000.??.??"]

1. e4 {B06: Moderne Verteidigung} 1... g6 2. d4 Bg7 3. Nc3 e6 4. Nf3 d6 5. Be2
Nd7 6. O-O a6 7. Be3 Ne7 8. Qd2 h6 9. Rfe1 Nf6 10. Rad1 b6 11. h3 {
Kontrolliert g4} 11... Bb7 12. d5 exd5 13. exd5 Nfxd5 14. Nxd5 Bxd5 15. Bd4 f6
16. Nh4 O-O 17. Bd3 Bf7 18. c4 Rb8 19. Qc3 Kh7 20. Qc2 {
Ist der Bauer g6 hinreichend gedeckt?} ({Weniger gut ist} 20. Bxf6 Nf5 21. Bxd8
Bxc3 22. bxc3 Rbxd8 23. Nxf5 gxf5 $16) 20... Re8 21. Re2 b5 22. b3 Qd7 23. Rde1
c5 24. Bc3 Qc7 25. a4 bxa4 26. bxa4 Qb7 27. g4 Qd7 28. Re3 Rb6 29. a5 Rbb8 30.
R3e2 Qc7 31. Re3 Rbd8 32. R1e2 Qb7 33. Re1 Rc8 34. R3e2 Rb8 35. Re3 Kg8 36.
Nxg6 Nxg6 37. Bxg6 Rxe3 38. Rxe3 Bxc4 39. Bxf6 {Die Raeumung erlaubt c2-c4}
39... Bxf6 40. Qxc4+ {Beseitigung einer Deckungsfigur: c4} 40... Kh8 41. Qf7 (
41. Bc2 $142 Rf8 42. Qf4 $18) 41... Qxf7 42. Bxf7 Rb1+ 43. Kg2 Be5 44. Bc4 Rb4
45. Bxa6 Ra4 46. Bb7 Rxa5 47. Re4 Ra2 48. Kf3 Kg7 49. Re2 Ra1 50. Ke4 Kf6 51.
f4 (51. Rd2 $142 $5 $15 {ist vielleicht staerker}) 51... Ra4+ 52. Ke3 Bxf4+ 53.
Kf3 Kg5 54. Bd5 $2 (54. h4+ $142 Kxh4 55. Re4 $19) 54... Ra3+ 55. Ke4 (55. Kf2
Rxh3 56. Re7 Be5 $19) 55... Rxh3 56. Be6 Rh1 57. Kd5 Rf1 58. Bf5 (58. Rg2 Re1
59. Bc8 Re5+ 60. Kc4 Re4+ 61. Kd5 Rd4+ 62. Kc6 c4 $19) 58... Be5 59. Be6 Rf4
60. Kc6 (60. Re4 Rf6 61. Bd7 Rf1 $19) 60... Rf6 61. Kd5 (61. Bd7 $19) 61...
Rxe6 62. Kxe6 Kxg4 63. Kd5 h5 64. Ke4 h4 65. Rg2+ Bg3 66. Rg1 h3 67. Ke3 h2 68.
Rh1 Be5 69. Kf2 Bd4+ 70. Kg2 Bg1 (70... Bg1 71. Kf1 d5 $19) 0-1

[Event "ICS rated blitz match"]
[Site "204.178.125.65"]
[Date "2000.09.16"]
[Round "?"]
[White "Hossa"]
[Black "mid"]
[Result "1-0"]
[WhiteElo "2566"]
[BlackElo "2357"]
[Annotator "Fritz 6 (22s)"]
[PlyCount "33"]
[EventDate "2000.??.??"]

1. e4 {C00: Franzoesische Verteidigung (Seltene Zuege)} 1... e6 2. Nf3 d5 3. e5
b6 4. d4 Ba6 5. Bxa6 Nxa6 6. Qe2 Nb8 7. O-O Ne7 8. c4 c6 9. Nc3 Nd7 10. Bg5 h6
11. Bh4 g5 12. Bg3 Nf5 13. cxd5 cxd5 14. Qd2 a6 {Deckt b5} 15. Rac1 Be7 {
Schwarz hat Entwicklungsnachteil.} 16. Qd3 O-O (16... Nb8 $5 $14 {
ist zu pruefen}) 17. Nxd5 (17. Nxd5 h5 18. Nxe7+ Qxe7 19. h4 gxh4 20. Bh2 $16)
1-0